Les noms d'oiseaux par lettres -R - Statistiques

Statistiques générales
  • Ce quiz a été pris 63 fois
  • Le résultat moyen est 6 sur 23
Statistiques - réponses
Par images Réponse % Correct
Rouge-gorge
98%
Roitelet
79%
Rossignol
77%
Râle
72%
Rougequeue
67%
Rollier
63%
Rolle
42%
Rousserolle
19%
Roselin
16%
Rufipienne
16%
Rémiz
12%
Radjah
5%
Républicain
5%
Rara
2%
Rhipidure
2%
Rhynchée
2%
Rouloul
2%
Randie
0%
Réveilleur
0%
Rhabdornis
0%
Rhodospingue
0%
Rochassier
0%
Rowettie
0%
Aucun quiz correspondant
Distribution des résultats
% des personnes avec chaque résultat
Percentile par nombre de réponses
Votre historique - résultats
Vous n’avez pas pris ce quiz